[Event "Barcelona La Lira op 12th"]
[Site "Barcelona"]
[Date "2019.04.25"]
[Round "3"]
[White "Porta Chicote, David"]
[Black "Rodriguez Beltran, Fernando"]
[Result "0-1"]
[WhiteElo "1401"]
[BlackElo "1637"]
[PlyCount "87"]
[EventDate "2019.04.04"]
[EventType "swiss"]
[EventRounds "9"]
[EventCountry "ESP"]
[SourceTitle "CBM 190 Extra"]
[Source "ChessBase"]
[SourceDate "2019.07.15"]
[SourceVersion "1"]
[SourceVersionDate "2019.07.15"]
[SourceQuality "1"]

1. e4 Nc6 2. b3 d5 3. exd5 Qxd5 4. Nc3 Qa5 5. Nf3 Bg4 6. Be2 Nf6 7. 0-0 e6 8. Bb2 a6 9. h3 Bh5 10. Re1 Bd6 11. a3 Qb6 12. Na4 Qa7 13. c4 Ne4 14. d4 0-0 15. Qc2 Bg6 16. Bd3 f5 17. Rad1 Rae8 18. c5 Bf4 19. Nc3 Nf6 20. Bc4 Bf7 21. b4 b5 22. cxb6 cxb6 23. d5 exd5 24. Rxe8 Rxe8 25. Nxd5 Nxd5 26. Bxd5 Bxd5 27. Rxd5 Ne7 28. Rd4 Ng6 29. Qxf5 Rf8 30. Qe6+ Qf7 31. Qxb6 Qb3 32. Rd8 Qxb2 33. Qe6+ Kh8 34. Rxf8+ Nxf8 35. Qe8 Qa1+ 36. Ne1 Qf6 37. Qe2 Bc1 38. Nc2 Bh6 39. Qc4 g6 40. a4 Bg7 41. b5 axb5 42. Qxb5 Qc3 43. Ne3 Qe1+ 44. Nf1 0-1

[Event "Barcelona Primavera La Lira op 11th"]
[Site "Barcelona"]
[Date "2018.05.24"]
[Round "7"]
[White "Toda Adell, Daniel"]
[Black "Rodriguez Beltran, Fernando"]
[Result "0-1"]
[WhiteElo "1481"]
[BlackElo "1649"]
[PlyCount "88"]
[EventDate "2018.04.12"]
[EventType "swiss"]
[EventRounds "9"]
[EventCountry "ESP"]
[SourceTitle "CBM 184 Extra"]
[Source "ChessBase"]
[SourceDate "2018.06.28"]
[SourceVersion "1"]
[SourceVersionDate "2018.06.28"]
[SourceQuality "1"]

1. e4 d5 2. e5 Bf5 3. d4 e6 4. Bd3 Bg6 5. Nf3 c5 6. c3 Nc6 7. 0-0 Qb6 8. Bc2 Bxc2 9. Qxc2 cxd4 10. Qa4 dxc3 11. Nxc3 Qb4 12. Qb5 Qxb5 13. Nxb5 Rc8 14. Bf4 a6 15. Nd6+ Bxd6 16. exd6 Nf6 17. Rac1 0-0 18. Ne5 Nxe5 19. Bxe5 Nd7 20. Bg3 Rfd8 21. Rc7 Rxc7 22. dxc7 Rc8 23. Rc1 f6 24. Bd6 Kf7 25. f4 Nb6 26. b3 Ke8 27. Re1 Kd7 28. Bc5 Na8 29. Kf2 Rxc7 30. Bf8 g6 31. Bg7 f5 32. Re2 Rc6 33. Kg3 Ke7 34. Kh4 Kf7 35. Bd4 Nc7 36. a4 Ne8 37. Kg5 h5 38. h3 Nd6 39. g4 Ne4+ 40. Kh4 hxg4 41. hxg4 Rc1 42. Rh2 Rb1 43. gxf5 exf5 44. Rb2 Rh1+ 0-1

[Event "Barcelona Primavera La Lira op 11th"]
[Site "Barcelona"]
[Date "2018.05.17"]
[Round "6"]
[White "Rodriguez Beltran, Fernando"]
[Black "Massanet Miret, Pere"]
[Result "1-0"]
[WhiteElo "1649"]
[BlackElo "1806"]
[PlyCount "73"]
[EventDate "2018.04.12"]
[EventType "swiss"]
[EventRounds "9"]
[EventCountry "ESP"]
[SourceTitle "CBM 184 Extra"]
[Source "ChessBase"]
[SourceDate "2018.06.28"]
[SourceVersion "1"]
[SourceVersionDate "2018.06.28"]
[SourceQuality "1"]

1. d4 b6 2. c4 Bb7 3. Nc3 e6 4. e4 Bb4 5. Bd3 Ne7 6. Nge2 0-0 7. a3 Bxc3+ 8. Nxc3 Nbc6 9. Be3 d6 10. 0-0 Ng6 11. Rc1 Nce7 12. b4 f5 13. Bg5 Qd7 14. d5 e5 15. exf5 Nxf5 16. Ne4 Nd4 17. Ng3 Bc8 18. Bxg6 hxg6 19. c5 dxc5 20. bxc5 Qxd5 21. cxb6 axb6 22. Rxc7 Re8 23. Be3 Rxa3 24. Re1 Bb7 25. Rxb7 Qxb7 26. Bxd4 Qb8 27. Be3 b5 28. Qd5+ Kh7 29. Ne4 Ra6 30. Ng5+ Kh8 31. Qd7 b4 32. Qh3+ Kg8 33. Qh7+ Kf8 34. Qh8+ Ke7 35. Qxg7+ Kd8 36. Rd1+ Kc8 37. Qd7# 1-0

[Event "Barcelona Sant Marti op-B 19th"]
[Site "Barcelona"]
[Date "2017.07.19"]
[Round "7"]
[White "Rodriguez Beltran, Fernando"]
[Black "Corominas Garrido, Antonio"]
[Result "0-1"]
[WhiteElo "1553"]
[BlackElo "1803"]
[PlyCount "82"]
[EventDate "2017.07.13"]
[EventType "swiss"]
[EventRounds "9"]
[EventCountry "ESP"]
[SourceTitle "EXT 2018"]
[Source "ChessBase"]
[SourceDate "2017.10.13"]
[SourceVersion "1"]
[SourceVersionDate "2017.10.13"]
[SourceQuality "1"]

1. d4 Nf6 2. c4 e5 3. dxe5 Ng4 4. Bf4 g5 5. Bg3 h5 6. h3 Nh6 7. e3 Nf5 8. Bh2 Nc6 9. Bd3 d6 10. exd6 cxd6 11. Bxf5 Bxf5 12. a3 Bg7 13. Nc3 Qa5 14. Nge2 Ne5 15. 0-0 Nxc4 16. b4 Qd8 17. Nd4 Qd7 18. Rc1 0-0 19. Nxf5 Qxf5 20. Qxh5 Bxc3 21. Rxc3 Nd2 22. Rd1 Ne4 23. Rc2 Ng3 24. Bxg3 Qxc2 25. Qxg5+ Qg6 26. Qxg6+ fxg6 27. Rxd6 Rf7 28. Rxg6+ Kh7 29. Rg4 Rc8 30. a4 Rd7 31. Re4 Kg6 32. a5 a6 33. Re6+ Kf5 34. Rd6 Rc1+ 35. Kh2 Rf7 36. Rd5+ Kg6 37. Bf4 Rb1 38. Rd4 Rb2 39. Rc4 Rxf2 40. Rc7 R2xf4 41. exf4 Rxc7 0-1

[Event "Barcelona Primavera La Lira op 10th"]
[Site "Barcelona"]
[Date "2017.06.01"]
[Round "7"]
[White "Rodriguez Beltran, Fernando"]
[Black "Falomir Ballega, Sergi"]
[Result "0-1"]
[WhiteElo "1573"]
[BlackElo "1674"]
[PlyCount "70"]
[EventDate "2017.04.20"]
[EventType "swiss"]
[EventRounds "9"]
[EventCountry "ESP"]
[SourceTitle "EXT 2018"]
[Source "ChessBase"]
[SourceDate "2017.10.13"]
[SourceVersion "1"]
[SourceVersionDate "2017.10.13"]
[SourceQuality "1"]

1. d4 d5 2. c4 c6 3. Nc3 e6 4. Nf3 f5 5. Bf4 Nf6 6. e3 Bd6 7. Bd3 0-0 8. 0-0 Ne4 9. Qc2 b6 10. Rab1 a5 11. cxd5 exd5 12. a3 Na6 13. Ne5 Bb7 14. Na2 c5 15. Nc3 Rc8 16. Qe2 c4 17. Bc2 Nc7 18. a4 Ne6 19. h3 Nxf4 20. exf4 Qh4 21. Qe3 Bxe5 22. dxe5 g5 23. Bxe4 dxe4 24. Qg3 Qxf4 25. Qxf4 gxf4 26. Nb5 Rcd8 27. Rbd1 Rd3 28. Nd6 Ba6 29. Rfe1 e3 30. fxe3 fxe3 31. Rc1 f4 32. Nxc4 Rc8 33. Nxb6 Rxc1 34. Rxc1 e2 35. Kf2 Rd1 0-1

[Event "Barcelona Primavera La Lira op 10th"]
[Site "Barcelona"]
[Date "2017.05.11"]
[Round "4"]
[White "Romero Funieles, Rafael de Jesus"]
[Black "Rodriguez Beltran, Fernando"]
[Result "1-0"]
[WhiteElo "1704"]
[BlackElo "1573"]
[PlyCount "47"]
[EventDate "2017.04.20"]
[EventType "swiss"]
[EventRounds "9"]
[EventCountry "ESP"]
[SourceTitle "EXT 2018"]
[Source "ChessBase"]
[SourceDate "2017.10.13"]
[SourceVersion "1"]
[SourceVersionDate "2017.10.13"]
[SourceQuality "1"]

1. e4 d5 2. exd5 Qxd5 3. Nf3 Bg4 4. Be2 Nc6 5. c3 Nf6 6. d3 h6 7. Be3 0-0-0 8. a4 Bxf3 9. Bxf3 Qxd3 10. Qxd3 Rxd3 11. Bxc6 bxc6 12. Bxa7 e5 13. Be3 Ng4 14. Ke2 Rd7 15. a5 Nxe3 16. fxe3 Bc5 17. Nd2 Rhd8 18. Nc4 f6 19. a6 Ba7 20. Rhc1 Rd5 21. Ra5 Rb5 22. e4 Rxa5 23. Nxa5 c5 24. Nc6 1-0

[Event "Barcelona Primavera La Lira op 10th"]
[Site "Barcelona"]
[Date "2017.04.27"]
[Round "2"]
[White "Rodriguez Beltran, Fernando"]
[Black "Minos Constante, Pablo"]
[Result "0-1"]
[WhiteElo "1573"]
[BlackElo "1752"]
[PlyCount "124"]
[EventDate "2017.04.20"]
[EventType "swiss"]
[EventRounds "9"]
[EventCountry "ESP"]
[SourceTitle "EXT 2018"]
[Source "ChessBase"]
[SourceDate "2017.10.13"]
[SourceVersion "1"]
[SourceVersionDate "2017.10.13"]
[SourceQuality "1"]

1. d4 d5 2. c4 c6 3. Nc3 Nf6 4. e3 a6 5. Nf3 Bf5 6. cxd5 cxd5 7. Qb3 Bc8 8. Bd3 e6 9. 0-0 Nc6 10. a3 Be7 11. Bd2 0-0 12. Rac1 Na5 13. Qa2 b5 14. b4 Nc4 15. Ne5 Bb7 16. Be2 Nxe5 17. dxe5 Nd7 18. f4 Nb6 19. Bf3 Nc4 20. Ne2 Qb6 21. Nd4 Rfc8 22. Rfe1 Rc7 23. Bc3 Rac8 24. Bd2 h6 25. Kf2 f6 26. exf6 Bxf6 27. Nb3 Nxd2 28. Rxc7 Qxc7 29. Nxd2 Qc2 30. Qxc2 Rxc2 31. Re2 Rb2 32. Ke1 Ra2 33. Nb3 Rxa3 34. Na5 Bc8 35. Rc2 Rc3 36. Kd1 Kf7 37. Kd2 Rxc2+ 38. Kxc2 Ke7 39. Nc6+ Kd6 40. Nd4 e5 41. fxe5+ Bxe5 42. Kd3 Bxh2 43. g4 g6 44. Be2 Bg3 45. Kd2 Be5 46. Nf3 Bb2 47. Nd4 Bd7 48. Kc2 Bxd4 49. exd4 Ke7 50. Kd3 Kf6 51. Ke3 Kg5 52. Bf3 Be6 53. Kd3 h5 54. gxh5 gxh5 55. Ke3 h4 56. Kf2 Kf4 57. Bh1 h3 58. Ke2 h2 59. Kf2 Bf5 60. Bxd5 Be4 61. Bxe4 Kxe4 62. Kg2 Kxd4 0-1

[Event "Barcelona Sant Marti op-B 18th"]
[Site "Barcelona"]
[Date "2016.07.16"]
[Round "4.26"]
[White "Ramos Alvarez, Maximo"]
[Black "Rodriguez Beltran, Fernando"]
[Result "1/2-1/2"]
[WhiteElo "1843"]
[BlackElo "1602"]
[PlyCount "66"]
[EventDate "2016.07.13"]
[EventType "swiss"]
[EventRounds "9"]
[EventCountry "ESP"]
[SourceTitle "EXT 2024"]
[Source "ChessBase"]
[SourceDate "2023.10.10"]
[SourceVersion "1"]
[SourceVersionDate "2023.10.10"]
[SourceQuality "1"]

1. e4 d5 2. exd5 Qxd5 3. Nf3 Bg4 4. Be2 Nc6 5. d4 0-0-0 6. c4 Qa5+ 7. Bd2 Qf5 8. Be3 e5 9. d5 e4 10. Ng1 Bxe2 11. Nxe2 Ne5 12. 0-0 Nxc4 13. Nbc3 Nxe3 14. fxe3 Qd7 15. Qd4 b6 16. a4 Bc5 17. Qc4 Bxe3+ 18. Kh1 Kb8 19. d6 Nf6 20. a5 cxd6 21. axb6 Bxb6 22. Na4 Rc8 23. Qb3 Qe6 24. Qa3 d5 25. Nxb6 Qxb6 26. Nc3 Qc5 27. b4 Qe3 28. Rfe1 Qb6 29. Na4 Qb5 30. Nc3 Qb6 31. Rf1 Rhd8 32. Na4 Qb5 33. Nc5 Qb6 1/2-1/2

[Event "Barcelona Sant Marti op-B 18th"]
[Site "Barcelona"]
[Date "2016.07.15"]
[Round "3.43"]
[White "Rodriguez Beltran, Fernando"]
[Black "Salazar Navas, Josep"]
[Result "1-0"]
[WhiteElo "1602"]
[BlackElo "1790"]
[PlyCount "105"]
[EventDate "2016.07.13"]
[EventType "swiss"]
[EventRounds "9"]
[EventCountry "ESP"]
[SourceTitle "EXT 2024"]
[Source "ChessBase"]
[SourceDate "2023.10.10"]
[SourceVersion "1"]
[SourceVersionDate "2023.10.10"]
[SourceQuality "1"]

1. d4 Nf6 2. c4 c5 3. d5 b5 4. Qc2 Qa5+ 5. Nd2 bxc4 6. e4 d6 7. Bxc4 g6 8. Ngf3 Nbd7 9. 0-0 Bg7 10. h3 0-0 11. Re1 Bb7 12. Nb3 Qc7 13. Bd2 Nb6 14. Ba5 Qd7 15. Nfd2 Nxc4 16. Nxc4 Qb5 17. Na3 Qd7 18. Bc3 e6 19. dxe6 fxe6 20. f3 Rac8 21. Rad1 d5 22. e5 Nh5 23. Nc4 d4 24. Ba5 Bd5 25. Nd6 Bxb3 26. axb3 Rc6 27. Nc4 Nf4 28. Re4 Nd5 29. Bd2 Rf5 30. f4 Qe7 31. g4 Rf8 32. Rf1 Qh4 33. Kh2 h5 34. Be1 Qe7 35. gxh5 gxh5 36. Qg2 Kh7 37. Qe2 Qf7 38. Nd6 Qg6 39. Rg1 Qh6 40. Rg5 Nxf4 41. Rxf4 Rxf4 42. Rxh5 Bxe5 43. Rxh6+ Kxh6 44. Bd2 Bxd6 45. Qxe6+ Kg7 46. Qd7+ Kf8 47. Bxf4 Bxf4+ 48. Kg2 Rg6+ 49. Kf3 Rf6 50. Ke4 Be3 51. Qxa7 Rf4+ 52. Kd3 Rf3 53. Qa8+ 1-0

[Event "Barcelona Tres Peons-F 45th"]
[Site "Barcelona"]
[Date "2016.06.03"]
[Round "8.3"]
[White "Rodriguez Beltran, Fernando"]
[Black "Escoriza Lusilla, Pedro"]
[Result "0-1"]
[WhiteElo "1641"]
[BlackElo "1632"]
[PlyCount "122"]
[EventDate "2016.04.15"]
[EventType "swiss"]
[EventRounds "9"]
[EventCountry "ESP"]
[SourceTitle "EXT 2024"]
[Source "ChessBase"]
[SourceDate "2023.10.10"]
[SourceVersion "1"]
[SourceVersionDate "2023.10.10"]
[SourceQuality "1"]

1. d4 Nf6 2. c4 g6 3. Nc3 d5 4. cxd5 Nxd5 5. e4 Nxc3 6. bxc3 Bg7 7. Qa4+ c6 8. Nf3 0-0 9. Bg5 c5 10. Rd1 cxd4 11. cxd4 Nc6 12. Be3 e6 13. Be2 Bd7 14. Qa3 Qa5+ 15. Qxa5 Nxa5 16. 0-0 Rfc8 17. Rc1 b6 18. Ba6 Rxc1 19. Rxc1 Bc6 20. Bd3 Rc8 21. Ba6 Rd8 22. Bd3 Rc8 23. Bd2 Bb7 24. Rxc8+ Bxc8 25. Bxa5 bxa5 26. Ne5 Bb7 27. f3 f5 28. Kf2 fxe4 29. Bxe4 Ba6 30. Nc6 Bc4 31. Nxa5 Bxd4+ 32. Kg3 Bxa2 33. Nc6 Bb6 34. Kf4 Kg7 35. h3 Bc4 36. g4 Bd5 37. Nb4 Bc4 38. Bb7 a5 39. Nc2 a4 40. Bc6 Bb3 41. Na1 Bd1 42. Be4 Bd4 43. Bc2 Bxa1 44. Bxd1 a3 45. Bb3 Kf6 46. Ke4 e5 47. Bc4 Bb2 48. Ba2 Kg5 49. Bg8 h6 50. Be6 Kh4 51. Kd3 Kg3 52. Ke4 g5 53. Bd5 Kxh3 54. Kf5 Kg3 55. Kg6 Kf4 56. Kxh6 e4 57. fxe4 Kxg4 58. Kg6 Kf4 59. Kh5 g4 60. Kh4 Bf6+ 61. Kh5 g3 0-1

[Event "Barcelona Tres Peons-F 45th"]
[Site "Barcelona"]
[Date "2016.05.06"]
[Round "4.5"]
[White "Rodriguez Beltran, Fernando"]
[Black "Iglesias Lopez, Albert"]
[Result "0-1"]
[WhiteElo "1641"]
[BlackElo "1770"]
[PlyCount "44"]
[EventDate "2016.04.15"]
[EventType "swiss"]
[EventRounds "9"]
[EventCountry "ESP"]
[SourceTitle "EXT 2024"]
[Source "ChessBase"]
[SourceDate "2023.10.10"]
[SourceVersion "1"]
[SourceVersionDate "2023.10.10"]
[SourceQuality "1"]

1. d4 Nf6 2. c4 e5 3. dxe5 Ng4 4. Bf4 Nc6 5. Nf3 Bb4+ 6. Nbd2 Qe7 7. a3 Bxd2+ 8. Qxd2 Ngxe5 9. Nxe5 Nxe5 10. e3 d6 11. Be2 0-0 12. 0-0 b6 13. a4 a5 14. b4 Bb7 15. f3 axb4 16. Qxb4 Ra5 17. e4 f5 18. exf5 Rxf5 19. Bxe5 Rfxe5 20. Bd3 Bc6 21. Qb1 Qh4 22. Bf5 Rxf5 0-1

[Event "Barcelona La Lira op 34th"]
[Site "Barcelona"]
[Date "2016.01.29"]
[Round "3"]
[White "Ritter Aguilar, Jordi"]
[Black "Rodriguez Beltran, Fernando"]
[Result "1-0"]
[WhiteElo "1930"]
[BlackElo "1621"]
[PlyCount "43"]
[EventDate "2016.01.15"]
[EventType "swiss"]
[EventRounds "8"]
[EventCountry "ESP"]
[SourceTitle "EXT 2017"]
[Source "ChessBase"]
[SourceDate "2016.10.25"]
[SourceVersion "1"]
[SourceVersionDate "2016.10.25"]
[SourceQuality "1"]

1. c4 c6 2. e4 d5 3. Nc3 d4 4. Nce2 e5 5. a3 Nf6 6. d3 a5 7. b3 Bg4 8. h3 Be6 9. f4 exf4 10. Bxf4 c5 11. Nf3 Nc6 12. Ng3 h6 13. e5 Nh7 14. Ne4 f5 15. exf6 Nxf6 16. Qe2 Nxe4 17. Qxe4 Qe7 18. 0-0-0 0-0-0 19. Re1 Re8 20. Ne5 Nxe5 21. Qxe5 Qd7 22. Qb8# 1-0

[Event "Barcelona Primavera La Lira op 8th"]
[Site "Barcelona"]
[Date "2015.06.04"]
[Round "9"]
[White "Pascual Gonzalez, Novelles Carle"]
[Black "Rodriguez Beltran, Fernando"]
[Result "1/2-1/2"]
[WhiteElo "1872"]
[BlackElo "1621"]
[PlyCount "51"]
[EventDate "2015.04.09"]
[EventType "swiss"]
[EventRounds "9"]
[EventCountry "ESP"]
[SourceTitle "CBM 166 Extra"]
[Source "ChessBase"]
[SourceDate "2015.06.18"]
[SourceVersion "1"]
[SourceVersionDate "2015.06.18"]
[SourceQuality "1"]

1. e4 d5 2. exd5 Qxd5 3. Nc3 Qa5 4. d4 Nf6 5. Nf3 Bg4 6. Be2 Nc6 7. 0-0 0-0-0 8. Bd2 Bxf3 9. Bxf3 Nxd4 10. b4 Nxf3+ 11. Qxf3 Qh5 12. Qxh5 Nxh5 13. Be3 a6 14. Ne4 h6 15. c4 Nf6 16. Nxf6 exf6 17. c5 Be7 18. Rfe1 Rhe8 19. Re2 Bf8 20. g4 g6 21. f3 Bg7 22. Rc1 f5 23. gxf5 Bd4 24. Rce1 Bxe3+ 25. Rxe3 Rxe3 26. Rxe3 1/2-1/2

[Event "Barcelona Primavera La Lira op 8th"]
[Site "Barcelona"]
[Date "2015.04.30"]
[Round "4"]
[White "Rodriguez Beltran, Fernando"]
[Black "Agut Alvarez, Josep Lluis"]
[Result "1-0"]
[WhiteElo "1621"]
[BlackElo "1792"]
[PlyCount "85"]
[EventDate "2015.04.09"]
[EventType "swiss"]
[EventRounds "9"]
[EventCountry "ESP"]
[SourceTitle "CBM 166 Extra"]
[Source "ChessBase"]
[SourceDate "2015.06.18"]
[SourceVersion "1"]
[SourceVersionDate "2015.06.18"]
[SourceQuality "1"]

1. d4 g6 2. c4 Bg7 3. Nc3 d6 4. e4 Nf6 5. h3 0-0 6. Bg5 c5 7. d5 a6 8. Bd3 h6 9. Be3 Nbd7 10. Nf3 Qc7 11. 0-0 Re8 12. Rb1 Nf8 13. Qc1 Kh7 14. g4 Ng8 15. b4 b6 16. bxc5 bxc5 17. Ne2 e5 18. Ng3 Bd7 19. Qc2 Rab8 20. Nd2 Rxb1 21. Rxb1 Rb8 22. Rxb8 Qxb8 23. Qb3 Qc7 24. Qa3 Qb6 25. Nb3 Be8 26. Qa5 Nd7 27. Qxb6 Nxb6 28. Na5 Ne7 29. Nb7 Nec8 30. f4 Nd7 31. f5 g5 32. Bd2 Nf6 33. Ba5 Bf8 34. Bd8 Kg7 35. Bc2 Bd7 36. Bb3 Be8 37. Bxf6+ Kxf6 38. Nh5+ Ke7 39. f6+ Kd7 40. Ng7 Bxg7 41. fxg7 Ne7 42. Ba4+ Kc7 43. Bxe8 1-0

[Event "Barcelona Primavera La Lira op 8th"]
[Site "Barcelona"]
[Date "2015.04.16"]
[Round "2"]
[White "Rodriguez Beltran, Fernando"]
[Black "Padilla Carmona, Francisco"]
[Result "0-1"]
[WhiteElo "1621"]
[BlackElo "1755"]
[PlyCount "28"]
[EventDate "2015.04.09"]
[EventType "swiss"]
[EventRounds "9"]
[EventCountry "ESP"]
[SourceTitle "CBM 166 Extra"]
[Source "ChessBase"]
[SourceDate "2015.06.18"]
[SourceVersion "1"]
[SourceVersionDate "2015.06.18"]
[SourceQuality "1"]

1. d4 d5 2. c4 e5 3. dxe5 d4 4. Nf3 Nc6 5. a3 a5 6. Bf4 Nge7 7. Nbd2 Ng6 8. Bg3 a4 9. b3 axb3 10. Qxb3 Be7 11. e4 dxe3 12. Qxe3 Bf5 13. Be2 Nb4 14. Nd4 Qxd4 0-1

[Event "Barcelona La Lira op 30th"]
[Site "Barcelona"]
[Date "2012.03.02"]
[Round "7"]
[White "Asensio Sanchez, Daniel"]
[Black "Rodriguez Beltran, Fernando"]
[Result "1/2-1/2"]
[WhiteElo "1819"]
[BlackElo "1657"]
[PlyCount "72"]
[EventDate "2012.01.20"]
[EventType "swiss"]
[EventRounds "8"]
[EventCountry "ESP"]
[SourceTitle "EXT 2013"]
[Source "ChessBase"]
[SourceDate "2012.11.22"]
[SourceVersion "1"]
[SourceVersionDate "2012.11.22"]
[SourceQuality "1"]

1. e4 c5 2. Nf3 Nc6 3. d4 cxd4 4. Nxd4 d5 5. Bb5 dxe4 6. Nxc6 Qxd1+ 7. Kxd1 a6 8. Nxe7+ Kxe7 9. Ba4 Bg4+ 10. Ke1 g6 11. Nc3 Rd8 12. h3 Bf5 13. g4 Be6 14. Bg5+ f6 15. Bh4 g5 16. Bg3 f5 17. gxf5 Bxf5 18. Bc7 Rc8 19. Nd5+ Kf7 20. Rd1 Bg7 21. c3 Nf6 22. Be5 Nxd5 23. Bxg7 Kxg7 24. Rxd5 Kf6 25. Bd7 Bxd7 26. Rxd7 Rb8 27. Ke2 Rbd8 28. Rhd1 Rb8 29. c4 h6 30. R1d6+ Kf5 31. Rd5+ Ke6 32. Ke3 Rhc8 33. b3 b5 34. c5 Rxc5 35. Kxe4 Rxd5 36. Rxd5 Rc8 1/2-1/2

[Event "Barcelona La Lira op 30th"]
[Site "Barcelona"]
[Date "2012.02.10"]
[Round "4"]
[White "Rodriguez Beltran, Fernando"]
[Black "Aubeso Duch, Miquel"]
[Result "1-0"]
[WhiteElo "1657"]
[BlackElo "1428"]
[PlyCount "75"]
[EventDate "2012.01.20"]
[EventType "swiss"]
[EventRounds "8"]
[EventCountry "ESP"]
[SourceTitle "EXT 2013"]
[Source "ChessBase"]
[SourceDate "2012.11.22"]
[SourceVersion "1"]
[SourceVersionDate "2012.11.22"]
[SourceQuality "1"]

1. d4 d5 2. c4 c6 3. Nf3 Nf6 4. Nc3 g6 5. e3 Bg7 6. Bd3 0-0 7. 0-0 Bg4 8. h3 Bc8 9. Re1 Nbd7 10. Qb3 e6 11. Qc2 Nb6 12. b3 a6 13. Bb2 Nbd7 14. Rab1 Qc7 15. e4 Nh5 16. e5 Bh6 17. Ne2 Re8 18. Bc1 Bf8 19. Nf4 Ng7 20. cxd5 c5 21. d6 Qb6 22. dxc5 Nxc5 23. Be3 Qd8 24. Bxc5 b6 25. Be3 Bb7 26. Qe2 Rc8 27. Rec1 b5 28. Rxc8 Qxc8 29. Rc1 Qa8 30. Bb6 Rb8 31. Bc7 Rc8 32. a4 Bc6 33. Nd4 Bd7 34. Be4 Qa7 35. Nc6 Bxc6 36. Bxc6 Rxc7 37. dxc7 Qxc7 38. Rc2 1-0

[Event "Barcelona Primavera La Lira op 4th"]
[Site "Barcelona"]
[Date "2011.04.14"]
[Round "3"]
[White "Ferrer Comas, Joan"]
[Black "Rodriguez Beltran, Fernando"]
[Result "1-0"]
[WhiteElo "1904"]
[BlackElo "1654"]
[PlyCount "81"]
[EventDate "2011.03.31"]
[EventType "swiss"]
[EventRounds "9"]
[EventCountry "ESP"]
[SourceTitle "EXT 2012"]
[Source "ChessBase"]
[SourceDate "2011.11.24"]
[SourceVersion "1"]
[SourceVersionDate "2011.11.24"]
[SourceQuality "1"]

1. d4 Nf6 2. Nf3 g6 3. Bg5 Bg7 4. Nbd2 d6 5. e3 0-0 6. Bd3 Nbd7 7. 0-0 c5 8. c3 h6 9. Bxf6 Nxf6 10. Qb3 Kh8 11. Rad1 Be6 12. Qc2 Qa5 13. e4 cxd4 14. Nxd4 Bd7 15. Nc4 Qc7 16. Rfe1 Ng4 17. Nf3 Be6 18. Ne3 Ne5 19. Nxe5 Bxe5 20. Nd5 Bxd5 21. exd5 Rg8 22. Qd2 g5 23. Qe2 Raf8 24. Qh5 Kg7 25. h4 Bf6 26. Re3 Rh8 27. Qg4 h5 28. Qf5 Qc8 29. hxg5 Qxf5 30. Bxf5 Bxg5 31. Rg3 Kf6 32. Rf3 Kg7 33. Rd4 Rh6 34. Rc4 e6 35. Bh3 exd5 36. Rc7 Rf6 37. Rxf6 Bxf6 38. Rxb7 d4 39. cxd4 Bxd4 40. b3 Rc8 41. Bxc8 1-0

[Event "Barcelona Primavera La Lira op 4th"]
[Site "Barcelona"]
[Date "2011.04.07"]
[Round "2"]
[White "Rodriguez Beltran, Fernando"]
[Black "Sanfeliu Lopez, Jaume"]
[Result "1/2-1/2"]
[WhiteElo "1654"]
[BlackElo "1897"]
[PlyCount "51"]
[EventDate "2011.03.31"]
[EventType "swiss"]
[EventRounds "9"]
[EventCountry "ESP"]
[SourceTitle "EXT 2012"]
[Source "ChessBase"]
[SourceDate "2011.11.24"]
[SourceVersion "1"]
[SourceVersionDate "2011.11.24"]
[SourceQuality "1"]

1. d4 Nf6 2. c4 c5 3. d5 b5 4. Nd2 g6 5. e4 d6 6. cxb5 a6 7. Ngf3 axb5 8. Bxb5+ Nbd7 9. 0-0 Bg7 10. Qc2 0-0 11. Re1 Ba6 12. Bxa6 Rxa6 13. Nc4 Qc7 14. Bd2 Rfa8 15. Na3 Qb7 16. Re3 Rb6 17. Bc3 Ng4 18. Re2 Nge5 19. Nxe5 Nxe5 20. f4 Nd7 21. Bxg7 Kxg7 22. Nc4 Rba6 23. b3 Nb6 24. Nxb6 Qxb6 25. Kh1 Qb4 26. h3 1/2-1/2